Statistics for Pokemon Multiple Choice - Normal type

Click here to take the quiz!

General Stats

  • This quiz has been taken 11 times
  • The average score is 8 of 10

Answer Stats

QuestionAnswer% Correct
The lightestCastform
100%
The fastestFurret
100%
The heaviestSnorlax
100%
Has a gigantamax formSnorlax
100%
Can mega evolveAudino
88%
The shortestCastform
88%
Has the hidden ability BulletproofWooloo
88%
Learns the move Hurricane by level upCastform
75%
The tallestSnorlax
25%
Does not have a 50/50 gender ratioSnorlax
0%

Score Distribution

Percentile by Number Answered

Percent of People with Each Score

Your Score History

You have not taken this quiz